| 000 | 01269cam a22003617a 4500 | ||
|---|---|---|---|
| 003 | CHAP | ||
| 005 | 20220329135242.0 | ||
| 008 | 971013s1982 r 00010 d | ||
| 010 | _a33315 | ||
| 011 | _a34287 | ||
| 035 | _a38403 | ||
| 040 | _cCHAP | ||
| 082 |
_a630.9727 _bM3 |
||
| 100 | 0 | 0 |
_aMauricio Leguízamo, Juan M. _973148 |
| 245 | 1 | 3 | _aLa producción agrícola en Chiapas |
| 260 |
_aSan Cristóbal de las Casas, Chis. : _bCentro de Investigaciones Ecológicas del Sureste, _c1982 |
||
| 300 |
_a83 p. _b: ilus. ; mapas |
||
| 490 | 0 |
_aDocumentos _v; 8 |
|
| 590 |
_aBATCH-UPD _b10 _c20130110 _lUCH01 _h1144 |
||
| 590 |
_aBATCH-UPD _b10 _c20130410 _lUCH01 _h0729 |
||
| 590 |
_aBATCH-UPD _b10 _c20130914 _lUCH01 _h0035 |
||
| 590 |
_aBATCH-UPD _b10 _c20130914 _lUCH01 _h1959 |
||
| 590 |
_aCONVERSION _b10 _c20130109 _lUCH01 _h1319 |
||
| 650 | 1 | 4 |
_aAgricultura _xChiapas. _91355 |
| 650 | 1 | 4 |
_aSistemas de cultivo _xChiapas. _9106749 |
| 700 | 0 |
_aGarcía Juárez, Héctor. _946168 |
|
| 700 | 0 |
_aValladares Arjona, Rubén. _9117558 |
|
| 830 | 0 |
_aDocumentos _v; 8 _933252 |
|
| 901 | _aBK | ||
| 942 | _cLIBRO | ||
| 949 |
_a630.9727 M3 _bBC _cLIBRO _d33724000049425 _eLIBRO _fc.2 _h69112 _i38403 _mD _si |
||
| 949 |
_a630.9727 M3 _bBC _cLIBRO _d33724000750527 _eLIBRO _h67560 _i38403 _mD _sb |
||
| 999 |
_c33315 _d33315 |
||